01097 2200385 4500001002100000005001500021035002500036020002200061040001700083082001600100084001800116100002900134245008600163250003200249260003400281300004500315650002900360700001100389850001200400090002200412090002000434090002100454041000800475008004100483007000300524504003400527999002100561990002100582990001800603990001800621990001800639990001800657990001800675990001800693INLIS00000000000643220200519114551 a0010-061500000000553 a978-979-21-3655-5 aYOPDYOGbind0 222a657.453 a657.453 YUL d0 aYulius Eka Agung Seputra1 aDasar akuntansi berbasis komputer /cYulius Eka Agung Seputra; penyunting, Erdian aCetakan pertama, Tahun 20143 aYogyakarta :bKanisius,c2014 a372 halaman :bilustrasi, tabel ;c30 cm 4aKomputer dalam akuntansi0 aErdian aYOPDYOG aDEP 657.453 YUL d aQ 657.453 YUL d aCB-D.11 2014-0980 aind150616s2014 yoia g ind dta aBibliografi: halaman 371-372 aCB-D.11/2014-098 aCB-D.11/2014-098 a15842-PD/B.15 a15843-PD/B.15 a15844-PD/B.15 a11112-PD/B.15 a11113-PD/B.15 a11114-PD/B.15